Product strategy

Saved in:
Bibliographic Details
Main Author: Thompson, H. Underwood
Format: Book
Language:Undetermined
Published: London Business Publication Limited 1962
Subjects:
Tags: Add Tag
No Tags, Be the first to tag this record!
Institutions: Trung tâm Học liệu Trường Đại học Cần Thơ
LEADER 00461nam a2200169Ia 4500
001 CTU_78409
008 210402s9999 xx 000 0 und d
082 |a 658.5 
082 |b T468 
100 |a Thompson, H. Underwood 
245 0 |a Product strategy 
245 0 |c H. Underwood Thompson 
260 |a London 
260 |b Business Publication Limited 
260 |c 1962 
650 |a Product management 
980 |a Trung tâm Học liệu Trường Đại học Cần Thơ